[Event "Mitropa Cup 13th"]
[Site "Leibnitz"]
[Date "1990.??.??"]
[Round "3"]
[White "Schlosser, Michael"]
[Black "Cvetkovic, Srdjan"]
[Result "1/2-1/2"]
[WhiteElo "2360"]
[BlackElo "2430"]
[PlyCount "125"]
[EventDate "1990.09.??"]
[EventType "team-tourn"]
[EventRounds "7"]
[EventCountry "AUT"]
[Source "ChessBase"]
[SourceDate "1991.02.01"]

1. e4 c5 2. Nf3 e6 3. d4 cxd4 4. Nxd4 Nf6 5. Nc3 d6 6. g4 Nc6 7. g5 Nd7 8. Be3
Be7 9. h4 O-O 10. Qd2 Nxd4 11. Qxd4 a6 12. O-O-O b5 13. f4 b4 14. Qxb4 d5 15.
Qd4 Rb8 16. Rh3 Bc5 17. Qd2 Qa5 18. Bxc5 Nxc5 19. e5 Bd7 20. Kb1 Rb4 21. Ne2
Qb6 22. c3 Ne4 23. Qc1 Rc4 24. Qe3 Qb7 25. Rd4 Rb8 26. Qc1 Bb5 27. Rf3 Rc5 28.
Ka1 Bc4 29. Qc2 Ra5 30. Nc1 Bxf1 31. Rxf1 Nc5 32. Rb4 Rb5 33. Rxb5 Qxb5 34. Rd1
Qc4 35. Qd2 a5 36. Qd4 Qb5 37. b3 g6 38. h5 gxh5 39. Rh1 Ne4 40. c4 Qb4 41. Rd1
dxc4 42. Qxe4 Qc3+ 43. Kb1 cxb3 44. axb3 h4 45. Rd3 Qc5 46. Qd4 Qxd4 47. Rxd4
Kg7 48. Kc2 Kg6 49. Nd3 Kf5 50. Rd7 Rf8 51. Kd2 Ke4 52. Ke2 h3 53. Rc7 h2 54.
Rc4+ Kf5 55. Rc1 Rc8 56. Rh1 Kg4 57. Ne1 Kg3 58. Nf3 Rc2+ 59. Kd3 Kxf3 60. Kxc2
Kg2 61. Ra1 h1=Q 62. Rxh1 Kxh1 63. Kd3 1/2-1/2

[Event "Mitropa Cup 13th"]
[Site "Leibnitz"]
[Date "1990.??.??"]
[Round "3"]
[White "Tolnai, Tibor"]
[Black "Schlosser, Philipp"]
[Result "1-0"]
[WhiteElo "2480"]
[BlackElo "2455"]
[PlyCount "87"]
[EventDate "1990.09.??"]
[EventType "team-tourn"]
[EventRounds "7"]
[EventCountry "AUT"]
[Source "ChessBase"]
[SourceDate "1991.02.01"]

1. e4 c5 2. Nf3 d6 3. d4 cxd4 4. Nxd4 Nf6 5. Nc3 a6 6. Be3 e5 7. Nb3 Be6 8. Qd2
Nbd7 9. f3 b5 10. O-O-O Be7 11. Kb1 O-O 12. g4 Nb6 13. g5 Nfd7 14. h4 Qc7 15.
h5 Rab8 16. g6 Nc4 17. Bxc4 bxc4 18. h6 fxg6 19. hxg7 Rf7 20. Nc1 Qb7 21. b3
Rxg7 22. Qg2 Nf6 23. Bg5 Nh5 24. Nd5 Bxg5 25. Qxg5 Rf8 26. Ne2 Bxd5 27. Rxd5
Qe7 28. Qd2 Rxf3 29. Rxd6 Rgf7 30. Rxa6 Qb7 31. Qd8+ Kg7 32. Qa8 Qxa8 33. Rxa8
Re3 34. Rh2 c3 35. a4 Rf1+ 36. Ka2 Re1 37. b4 Rxe4 38. b5 R1xe2 39. Rxe2 Rxe2
40. Kb3 Re1 41. a5 Rb1+ 42. Kc4 Nf6 43. a6 Nd5 44. Rb8 1-0

[Event "Mitropa Cup 13th"]
[Site "Leibnitz"]
[Date "1990.??.??"]
[Round "3"]
[White "Weinzettl, Ernst"]
[Black "Miljanic, Boro"]
[Result "0-1"]
[WhiteElo "2295"]
[BlackElo "2380"]
[PlyCount "63"]
[EventDate "1990.09.??"]
[EventType "team-tourn"]
[EventRounds "7"]
[EventCountry "AUT"]
[Source "ChessBase"]
[SourceDate "1991.02.01"]

1. e4 e6 2. d3 d5 3. Nd2 Nf6 4. Ngf3 b6 5. c3 a5 6. Be2 Be7 7. O-O O-O 8. Re1
a4 9. Qc2 c5 10. Nf1 Nc6 11. Ng3 Qc7 12. Bf1 Bd6 13. Bg5 Ng4 14. d4 cxd4 15.
cxd4 Nb4 16. Qxc7 Bxc7 17. Rec1 Bxg3 18. hxg3 dxe4 19. Be7 exf3 20. Bxb4 Rd8
21. gxf3 Nf6 22. Rd1 Nd5 23. Ba3 Ba6 24. Bg2 g5 25. Rd2 Rac8 26. Re1 h6 27. Re4
Rc1+ 28. Kh2 Rdc8 29. Bh3 Bf1 30. b3 Rb8 31. Bxf1 Rxf1 32. bxa4 {Weitere Zuege
unleserlich,0-1 nach dem 34.Zug next moves not readable,0-1 after the 34. move}
0-1

[Event "Mitropa Cup 13th"]
[Site "Leibnitz"]
[Date "1990.??.??"]
[Round "3"]
[White "Zueger, Beat"]
[Black "Belotti, Bruno"]
[Result "0-1"]
[WhiteElo "2425"]
[BlackElo "2435"]
[PlyCount "74"]
[EventDate "1990.09.??"]
[EventType "team-tourn"]
[EventRounds "7"]
[EventCountry "AUT"]
[Source "ChessBase"]
[SourceDate "1991.02.01"]

1. d4 Nf6 2. c4 g6 3. Nc3 Bg7 4. e4 d6 5. Nf3 O-O 6. Be2 e5 7. O-O Nc6 8. d5
Ne7 9. Ne1 Nd7 10. Nd3 f5 11. Bd2 Nf6 12. f3 Kh8 13. Rc1 c5 14. g4 Neg8 15. Kg2
h6 16. h4 fxg4 17. fxg4 Nh7 18. Rh1 Bf6 19. Kg3 a6 20. a3 b6 21. b4 Ra7 22. Be3
h5 23. g5 Nxg5 24. hxg5 Bxg5 25. Qg1 Nh6 26. Kh2 Ng4+ 27. Bxg4 Bxg4 28. Bf2
Bxc1 29. Qxc1 Rf3 30. Qd2 Qf6 31. Bg3 h4 32. Be1 Rf7 33. Kg2 Rg3+ 34. Bxg3 Qf3+
35. Kg1 Qf1+ 36. Kh2 Qh3+ 37. Kg1 Rf1# 0-1

[Event "Mitropa Cup 13th"]
[Site "Leibnitz"]
[Date "1990.??.??"]
[Round "4"]
[White "Berend, Fred"]
[Black "Groszpeter, Attila"]
[Result "0-1"]
[WhiteElo "2225"]
[BlackElo "2555"]
[PlyCount "74"]
[EventDate "1990.09.??"]
[EventType "team-tourn"]
[EventRounds "7"]
[EventCountry "AUT"]
[Source "ChessBase"]
[SourceDate "1991.02.01"]

1. d4 Nf6 2. Nf3 g6 3. Bg5 Bg7 4. Nbd2 d5 5. e3 O-O 6. c3 Nbd7 7. h3 c6 8. Bd3
Re8 9. Bf4 Nh5 10. Bh2 e5 11. dxe5 Nxe5 12. Nxe5 Bxe5 13. Bxe5 Rxe5 14. O-O Qf6
15. Nf3 Re7 16. Re1 Bd7 17. Bc2 Rae8 18. Qd4 Bc8 19. Rad1 b6 20. Qxf6 Nxf6 21.
Rd2 Kg7 22. Rc1 Bb7 23. a3 c5 24. Ba4 Rc8 25. Bb5 Ne4 26. Rdc2 c4 27. Re2 Nc5
28. b4 cxb3 29. Rb2 a6 30. Bf1 a5 31. Nd4 a4 32. Nb5 Ba6 33. Rd2 Ne4 34. Rxd5
Bxb5 35. Rxb5 Nxc3 36. Kh2 Nxb5 37. Rxc8 b2 0-1

[Event "Mitropa Cup 13th"]
[Site "Leibnitz"]
[Date "1990.??.??"]
[Round "4"]
[White "Cvetkovic, Srdjan"]
[Black "Reeh, Oliver"]
[Result "1-0"]
[WhiteElo "2430"]
[BlackElo "2465"]
[PlyCount "77"]
[EventDate "1990.09.??"]
[EventType "team-tourn"]
[EventRounds "7"]
[EventCountry "AUT"]
[Source "ChessBase"]
[SourceDate "1991.02.01"]

1. c4 g6 2. e4 Bg7 3. d4 d6 4. Nc3 Nf6 5. Be2 O-O 6. Nf3 c5 7. O-O cxd4 8. Nxd4
Nc6 9. Be3 Re8 10. f3 Nd7 11. Rc1 Nc5 12. f4 Bd7 13. Bf3 Nxd4 14. Bxd4 e5 15.
fxe5 Ne6 16. Be3 Bxe5 17. Qd2 Bc6 18. Qf2 Qf6 19. Nd5 Bxd5 20. cxd5 Nc5 21. Rc2
a5 22. g3 b6 23. b3 Qe7 24. Bg2 Bg7 25. Qf3 Qd7 26. Qd1 Ra7 27. a4 Qd8 28. Rc4
h6 29. b4 axb4 30. Rxb4 Rae7 31. Qb1 f5 32. exf5 Rxe3 33. f6 Rf8 34. fxg7 Rxf1+
35. Bxf1 Qe7 36. Qxg6 Rf3 37. Qxh6 Qxg7 38. Qxg7+ Kxg7 39. Rxb6 1-0

[Event "Mitropa Cup 13th"]
[Site "Leibnitz"]
[Date "1990.??.??"]
[Round "4"]
[White "Herndl, Harald"]
[Black "Costa, Jean Luc"]
[Result "1/2-1/2"]
[WhiteElo "2285"]
[BlackElo "2405"]
[PlyCount "107"]
[EventDate "1990.09.??"]
[EventType "team-tourn"]
[EventRounds "7"]
[EventCountry "AUT"]
[Source "ChessBase"]
[SourceDate "1991.02.01"]

1. d4 Nf6 2. Nf3 e6 3. c4 c5 4. d5 exd5 5. cxd5 Bd6 6. Nc3 Bc7 7. e4 d6 8. Be2
O-O 9. O-O Re8 10. Nd2 a6 11. a4 Nbd7 12. Qc2 Rb8 13. f3 Nf8 14. Re1 Ng6 15. g3
Bd7 16. b3 b5 17. axb5 axb5 18. Ra6 Qc8 19. Qa2 h5 20. Nf1 h4 21. Be3 hxg3 22.
hxg3 Ne5 23. Nd2 Nh7 24. Ra1 Qd8 25. Nd1 f5 26. Nf2 Nf6 27. Qb2 Nf7 28. Qc3
fxe4 29. fxe4 Qe7 30. Qd3 Bb6 31. Re1 Qe5 32. Bf4 Qd4 33. Nf3 Qxd3 34. Bxd3 c4
35. bxc4 bxc4 36. Bxc4 Rxe4 37. Rxe4 Bxf2+ 38. Kxf2 Nxe4+ 39. Ke3 Re8 40. Kd4
g5 41. Nxg5 Nexg5 42. Bxg5 Nxg5 43. Rxd6 Nf3+ 44. Kc5 Rc8+ 45. Kb6 Ne5 46. Ba6
Rc3 47. Rf6 Kg7 48. Rf1 Bh3 49. Rf4 Nd7+ 50. Kb5 Rc5+ 51. Kb4 Rxd5 52. Bf1 Bf5
53. Bc4 Re5 54. Rxf5 1/2-1/2

[Event "Mitropa Cup 13th"]
[Site "Leibnitz"]
[Date "1990.??.??"]
[Round "4"]
[White "Hertneck, Gerald"]
[Black "Pavlovic, Milos"]
[Result "1/2-1/2"]
[WhiteElo "2520"]
[BlackElo "2465"]
[PlyCount "36"]
[EventDate "1990.09.??"]
[EventType "team-tourn"]
[EventRounds "7"]
[EventCountry "AUT"]
[Source "ChessBase"]
[SourceDate "1991.02.01"]

1. d4 Nf6 2. c4 g6 3. Nc3 Bg7 4. e4 d6 5. Be2 O-O 6. Nf3 e5 7. O-O Nbd7 8. Qc2
c6 9. Rd1 Qe7 10. b3 exd4 11. Nxd4 Nc5 12. f3 Nh5 13. g4 Nf6 14. Bg5 Re8 15.
Qd2 Nfxe4 16. Nxe4 Nxe4 17. fxe4 Bxd4+ 18. Kg2 Bf6 1/2-1/2

[Event "Mitropa Cup 13th"]
[Site "Leibnitz"]
[Date "1990.??.??"]
[Round "4"]
[White "Horvath, Jozsef"]
[Black "Hoffmann, Regis"]
[Result "1-0"]
[WhiteElo "2540"]
[BlackElo "2205"]
[PlyCount "129"]
[EventDate "1990.09.??"]
[EventType "team-tourn"]
[EventRounds "7"]
[EventCountry "AUT"]
[Source "ChessBase"]
[SourceDate "1991.02.01"]

1. e4 e5 2. Nf3 Nf6 3. Nxe5 d6 4. Nf3 Nxe4 5. d4 d5 6. Bd3 Be7 7. O-O O-O 8. c4
c6 9. Nc3 Nxc3 10. bxc3 Be6 11. cxd5 cxd5 12. Rb1 Qc7 13. Re1 Bf6 14. Ng5 h6
15. Nxe6 fxe6 16. Bd2 Qf7 17. Qg4 Nc6 18. Bg6 Qc7 19. Qxe6+ Kh8 20. Qxd5 Ne7
21. Qh5 Nxg6 22. Qxg6 b6 23. Rbc1 Rad8 24. Be3 Qc4 25. Qb1 Rf7 26. Qb3 Qc7 27.
Bf4 Qb7 28. Be5 Rdf8 29. Rc2 Bh4 30. Bg3 Bxg3 31. hxg3 Rf5 32. Rce2 Qc6 33. Re6
Qb7 34. Re7 Qa6 35. R1e2 Qd3 36. R7e3 Qa6 37. g4 Rf4 38. f3 Qc8 39. Re4 R4f6
40. Re7 a6 41. a4 Rc6 42. R2e3 Rc4 43. g5 hxg5 44. Qxb6 Rc6 45. Qa5 Rg6 46. Qe5
Qc4 47. Qe4 Rh6 48. Re8 Rxe8 49. Qxe8+ Kh7 50. Qe4+ Kg8 51. d5 Qb3 52. a5 Qb2
53. Qf5 Qc1+ 54. Kf2 Rf6 55. Qc8+ Kh7 56. Qc4 g4 57. Qxg4 Qd2+ 58. Re2 Qxc3 59.
Qh5+ Rh6 60. Qf5+ Rg6 61. g4 Qxa5 62. Re6 Qd2+ 63. Kg3 Qg5 64. Rxg6 Qxg6 65. d6
1-0

[Event "Mitropa Cup 13th"]
[Site "Leibnitz"]
[Date "1990.??.??"]
[Round "4"]
[White "Landenbergue, Claude"]
[Black "Schlosser, Michael"]
[Result "0-1"]
[WhiteElo "2380"]
[BlackElo "2360"]
[PlyCount "90"]
[EventDate "1990.09.??"]
[EventType "team-tourn"]
[EventRounds "7"]
[EventCountry "AUT"]
[Source "ChessBase"]
[SourceDate "1991.02.01"]

1. d4 Nf6 2. Bg5 e6 3. e4 h6 4. Bxf6 Qxf6 5. Nf3 d6 6. Nc3 Qd8 7. Qd2 Be7 8.
O-O-O a6 9. h4 Nd7 10. Kb1 b5 11. g3 Bb7 12. Qe3 c5 13. d5 e5 14. g4 Bc8 15.
Bg2 b4 16. Na4 Nf6 17. g5 Nh5 18. Bh3 Bxh3 19. Rxh3 Qd7 20. Nb6 Qxh3 21. Nxa8
Bd8 22. a3 bxa3 23. Qxa3 O-O 24. gxh6 g6 25. Rd3 Qc8 26. b4 Qxa8 27. bxc5 dxc5
28. Qxc5 Bf6 29. Rb3 Rc8 30. Qb6 Re8 31. Qc7 Rc8 32. Qb6 a5 33. Kc1 a4 34. Ra3
Rb8 35. Qc7 Rb7 36. Rxa4 Qxa4 37. Qc8+ Kh7 38. Qxb7 Qa3+ 39. Kb1 Qxf3 40. Qxf7+
Kxh6 41. Qf8+ Kh7 42. d6 Qxf2 43. Qf7+ Ng7 44. d7 Qb6+ 45. Kc1 Bxh4 0-1

[Event "Mitropa Cup 13th"]
[Site "Leibnitz"]
[Date "1990.??.??"]
[Round "4"]
[White "Menghi, Carlo"]
[Black "Tolnai, Tibor"]
[Result "0-1"]
[WhiteElo "2275"]
[BlackElo "2480"]
[Annotator "Ribli"]
[PlyCount "80"]
[EventDate "1990.09.??"]
[EventType "team-tourn"]
[EventRounds "7"]
[EventCountry "AUT"]
[Source "ChessBase"]
[SourceDate "1991.02.01"]

1. Nf3 c5 2. g3 g6 3. c4 Bg7 4. d4 Nf6 5. Bg2 O-O 6. O-O cxd4 7. Nxd4 Nc6 8.
Nc3 Ng4 9. Nxc6 $6 dxc6 10. Qc2 Bf5 11. e4 Be6 12. b3 b5 $1 13. h3 b4 14. hxg4
Bxc3 15. Rd1 Qa5 16. Rb1 Bxg4 17. f3 Be6 18. Be3 Rfd8 19. Kf2 c5 20. f4 Bg4 21.
Bf3 Bxf3 22. Kxf3 Bd4 23. Bxd4 Rxd4 24. Rxd4 cxd4 25. Rh1 Kg7 26. Qd2 Qb6 27.
c5 Qxc5 28. Rc1 Qh5+ 29. Kg2 Rd8 30. Rc4 d3 31. Rxb4 Kg8 32. Rc4 Qg4 33. Rc3
Qd7 34. Rc4 Qe6 35. Kf3 Qh3 36. Rc3 Qh1+ 37. Ke3 f5 38. e5 Qe4+ 39. Kf2 Qd4+
40. Kf3 Qxc3 $1 0-1

[Event "Mitropa Cup 13th"]
[Site "Leibnitz"]
[Date "1990.??.??"]
[Round "4"]
[White "Miljanic, Boro"]
[Black "Lutz, Christopher"]
[Result "0-1"]
[WhiteElo "2380"]
[BlackElo "2445"]
[PlyCount "108"]
[EventDate "1990.09.??"]
[EventType "team-tourn"]
[EventRounds "7"]
[EventCountry "AUT"]
[Source "ChessBase"]
[SourceDate "1991.02.01"]

1. e4 c5 2. Nf3 d6 3. d4 cxd4 4. Qxd4 Bd7 5. Bg5 Nc6 6. Qd2 g6 7. Bd3 Bg7 8. c3
Nf6 9. h3 O-O 10. Na3 Be6 11. O-O d5 12. exd5 Bxd5 13. Nh2 Ne4 14. Bxe4 Bxe4
15. Qe3 Bf5 16. Ng4 Bxg4 17. hxg4 Qd7 18. f3 Rad8 19. Bh6 Bxh6 20. Qxh6 Qd3 21.
Rfe1 b5 22. Qe3 Qxe3+ 23. Rxe3 Rd2 24. Rb1 a6 25. Kf1 Rfd8 26. Re2 f6 27. Rbe1
Ne5 28. Nc2 R2d7 29. Nd4 Nd3 30. Nc6 Nxe1 31. Nxd8 Nxg2 32. Nc6 Nf4 33. Rxe7
Rxe7 34. Nxe7+ Kf7 35. Nc6 Nd3 36. b3 Nc1 37. Ke1 Nxa2 38. Kd2 h5 39. gxh5 gxh5
40. Kc2 h4 41. Nd4 h3 42. Nf5 h2 43. Ng3 b4 44. cxb4 Ke6 45. Kd3 Nxb4+ 46. Ke3
f5 47. f4 a5 48. Kf3 Nc2 49. Kg2 Nd4 50. Nf1 Nxb3 51. Ne3 a4 52. Nc2 Kd5 53.
Kxh2 Nd4 54. Na3 Kc5 0-1

[Event "Mitropa Cup 13th"]
[Site "Leibnitz"]
[Date "1990.??.??"]
[Round "4"]
[White "Schlosser, Philipp"]
[Black "Ilic, Dragan M"]
[Result "1/2-1/2"]
[WhiteElo "2455"]
[BlackElo "2395"]
[PlyCount "25"]
[EventDate "1990.09.??"]
[EventType "team-tourn"]
[EventRounds "7"]
[EventCountry "AUT"]
[Source "ChessBase"]
[SourceDate "1991.02.01"]

1. Nf3 Nf6 2. c4 g6 3. Nc3 Bg7 4. e4 O-O 5. d4 d6 6. Be2 Bg4 7. Be3 Nfd7 8. Ng1
Bxe2 9. Ngxe2 e5 10. O-O exd4 11. Nxd4 Nc6 12. Rc1 Re8 13. Re1 1/2-1/2

[Event "Mitropa Cup 13th"]
[Site "Leibnitz"]
[Date "1990.??.??"]
[Round "4"]
[White "Wittmann, Walter"]
[Black "Zueger, Beat"]
[Result "1/2-1/2"]
[WhiteElo "2410"]
[BlackElo "2425"]
[PlyCount "35"]
[EventDate "1990.09.??"]
[EventType "team-tourn"]
[EventRounds "7"]
[EventCountry "AUT"]
[Source "ChessBase"]
[SourceDate "1991.02.01"]

1. e4 e6 2. d4 d5 3. Nc3 Nf6 4. Bg5 Be7 5. e5 Nfd7 6. Bxe7 Qxe7 7. f4 O-O 8.
Nf3 c5 9. dxc5 Nc6 10. Bd3 f6 11. exf6 Qxf6 12. g3 Nxc5 13. Qe2 Bd7 14. O-O-O
Be8 15. Ng5 Nxd3+ 16. Rxd3 Bg6 17. Rd2 Rae8 18. Nf3 1/2-1/2

[Event "Mitropa Cup 13th"]
[Site "Leibnitz"]
[Date "1990.??.??"]
[Round "5"]
[White "Arlandi, Ennio"]
[Black "Wittmann, Walter"]
[Result "1-0"]
[WhiteElo "2400"]
[BlackElo "2410"]
[PlyCount "69"]
[EventDate "1990.09.??"]
[EventType "team-tourn"]
[EventRounds "7"]
[EventCountry "AUT"]
[Source "ChessBase"]
[SourceDate "1991.02.01"]

1. d4 Nf6 2. c4 g6 3. Nc3 Bg7 4. e4 d6 5. Nf3 O-O 6. Be2 Bg4 7. Be3 Nfd7 8. O-O
Nc6 9. d5 Bxf3 10. Bxf3 Na5 11. Be2 Bxc3 12. bxc3 e5 13. dxe6 fxe6 14. f4 Qe7
15. Bd3 Rae8 16. Rf3 e5 17. f5 gxf5 18. exf5 Kh8 19. g4 c5 20. Be2 e4 21. Rf4
Nb6 22. Qf1 Qf7 23. Rd1 Naxc4 24. Bc1 d5 25. g5 Ne5 26. Kh1 Rd8 27. g6 hxg6 28.
fxg6 Qe7 29. Qh3+ Kg8 30. Rh4 Nxg6 31. Rg1 Rd6 32. Rh8+ Kf7 33. Rh7+ Ke8 34.
Bb5+ Kd8 35. Bg5 1-0

[Event "Mitropa Cup 13th"]
[Site "Leibnitz"]
[Date "1990.??.??"]
[Round "5"]
[White "Belotti, Bruno"]
[Black "Herndl, Harald"]
[Result "1-0"]
[WhiteElo "2435"]
[BlackElo "2285"]
[Annotator "King,D"]
[PlyCount "61"]
[EventDate "1990.09.??"]
[EventType "team-tourn"]
[EventRounds "7"]
[EventCountry "AUT"]
[Source "ChessBase"]
[SourceDate "1991.02.01"]

1. e4 Nf6 2. e5 Nd5 3. d4 d6 4. Nf3 Bg4 5. Be2 c6 6. Ng5 Bf5 7. e6 fxe6 8. g4
Bg6 9. Bd3 Bxd3 10. Qxd3 g6 11. h4 {11.h4 N. Sound the trumpets, this is a new
move, and it doesn't look too bad either. Other moves do not give white the
advantage.} (11. O-O Qd7 12. Re1 Na6 13. Qf3 Nac7 14. Qf7+ Kd8 15. Nc3 Nxc3 16.
bxc3 Bh6 17. Nxh7 Qe8 18. Ng5 Bxg5 19. Qxe8+ Kxe8 20. Bxg5 Kd7 21. Kg2 Rh7 22.
Re4 Rf8 23. Rae1 Rff7 24. Kg3 Rh8 25. h4 Rhh7 26. R4e2 b5 $10 {Kristofel-Idema
1984.}) 11... Nf6 12. Nxe6 Qd7 13. Qe2 Na6 14. h5 Nc7 (14... gxh5 15. g5 $18)
15. Nxc7+ Qxc7 16. hxg6 Bg7 17. g5 $16 Qa5+ 18. Bd2 Qd5 19. Rh4 Nd7 20. gxh7 c5
21. Nc3 Qf5 22. O-O-O cxd4 23. Nb5 Qc5 24. Qh5+ Kd8 25. Nxd4 Qd5 26. Nb3 Qf5
27. g6 Qxf2 28. Rf4 Qg2 29. Rf7 Bf6 30. Qh6 Rc8 31. g7 1-0

[Event "Mitropa Cup 13th"]
[Site "Leibnitz"]
[Date "1990.??.??"]
[Round "5"]
[White "Costa, Jean Luc"]
[Black "Schlosser, Philipp"]
[Result "0-1"]
[WhiteElo "2405"]
[BlackElo "2455"]
[PlyCount "79"]
[EventDate "1990.09.??"]
[EventType "team-tourn"]
[EventRounds "7"]
[EventCountry "AUT"]
[Source "ChessBase"]
[SourceDate "1991.02.01"]

1. e4 d6 2. d4 Nf6 3. f3 c5 4. d5 g6 5. c4 Bg7 6. Nc3 O-O 7. Bg5 e6 8. Qd2 exd5
9. cxd5 b6 10. Nge2 Ba6 11. a4 Nbd7 12. Nb5 h6 13. Bxh6 Nxe4 14. fxe4 Qh4+ 15.
g3 Qxh6 16. Qxh6 Bxh6 17. Nxd6 Ne5 18. Nf4 Bxf1 19. Rxf1 a6 20. Rc1 Rad8 21.
Nc4 Bxf4 22. gxf4 Nd3+ 23. Ke2 Nxc1+ 24. Rxc1 f5 25. Nxb6 fxe4 26. Ke3 Rf6 27.
a5 Re8 28. h4 Rf5 29. d6 Kf7 30. d7 Rd8 31. Kxe4 Ke7 32. Rg1 Rdf8 33. Nd5+ Kf7
34. Ne3 Rh5 35. Nc4 Ke7 36. Ne5 Kd8 37. Rg5 Rf6 38. Rxg6 Rxe5+ 39. Kxe5 Rxg6
40. f5 0-1

[Event "Mitropa Cup 13th"]
[Site "Leibnitz"]
[Date "1990.??.??"]
[Round "5"]
[White "Hoffmann, Regis"]
[Black "Cvetkovic, Srdjan"]
[Result "0-1"]
[WhiteElo "2205"]
[BlackElo "2430"]
[PlyCount "66"]
[EventDate "1990.09.??"]
[EventType "team-tourn"]
[EventRounds "7"]
[EventCountry "AUT"]
[Source "ChessBase"]
[SourceDate "1991.02.01"]

1. Nf3 d5 2. d4 Nf6 3. g3 e6 4. Bg2 Be7 5. O-O O-O 6. b3 b6 7. c4 Bb7 8. e3 a5
9. Bb2 c6 10. Nc3 Nbd7 11. Re1 Qb8 12. a4 Bb4 13. Nd2 c5 14. Na2 cxd4 15. exd4
Bxd2 16. Qxd2 dxc4 17. bxc4 Bxg2 18. Kxg2 Qb7+ 19. Kg1 Rac8 20. Qe2 Qc6 21. Nc3
Qxc4 22. Nb5 Qxe2 23. Rxe2 Nd5 24. Ba3 Rfd8 25. Nd6 Rc6 26. Rc1 Rxc1+ 27. Bxc1
N7f6 28. Rc2 Nb4 29. Rc4 Nfd5 30. Ba3 Kf8 31. Nb5 Ke8 32. Bxb4 axb4 33. Kf1 Kd7
0-1

[Event "Mitropa Cup 13th"]
[Site "Leibnitz"]
[Date "1990.??.??"]
[Round "5"]
[White "Ilic, Dragan M"]
[Black "Menghi, Carlo"]
[Result "0-1"]
[WhiteElo "2395"]
[BlackElo "2275"]
[PlyCount "114"]
[EventDate "1990.09.??"]
[EventType "team-tourn"]
[EventRounds "7"]
[EventCountry "AUT"]
[Source "ChessBase"]
[SourceDate "1991.02.01"]

1. d4 d5 2. c4 c6 3. Nc3 Nf6 4. Nf3 dxc4 5. a4 Bf5 6. e3 e6 7. Bxc4 Bb4 8. O-O
Nbd7 9. Nh4 Be4 10. Nxe4 Nxe4 11. Nf3 Qe7 12. a5 O-O 13. Qb3 c5 14. Rd1 Rad8
15. Bd3 Ng5 16. Nxg5 Qxg5 17. Be4 b6 18. axb6 axb6 19. Bf3 e5 20. dxc5 e4 21.
h4 Qf5 22. Be2 Bxc5 23. Qb5 Ne5 24. Bd2 Nf3+ 25. Bxf3 exf3 26. Bc3 Qg4 27. g3
Bxe3 28. Qe5 Bc5 29. Rxd8 Rxd8 30. b4 f6 31. Qf4 Qxf4 32. gxf4 Bd4 33. Ra3 Bxc3
34. Rxc3 Rd4 35. Rc8+ Kf7 36. f5 Rxb4 37. Rc7+ Kf8 38. Rc8+ Ke7 39. Rc7+ Kd6
40. Rxg7 Rxh4 41. Rb7 Kc5 42. Rf7 Rh6 43. Rc7+ Kb4 44. Re7 b5 45. Re3 Ka4 46.
Rxf3 b4 47. Rf4 Ka3 48. Rc4 Rh5 49. Rc7 b3 50. Ra7+ Kb4 51. Rb7+ Kc3 52. Rc7+
Kd3 53. Rd7+ Kc2 54. Rc7+ Kb1 55. Rc5 b2 56. Kg2 Rh4 57. Rc6 Ka2 0-1

[Event "Mitropa Cup 13th"]
[Site "Leibnitz"]
[Date "1990.??.??"]
[Round "5"]
[White "Lutz, Christopher"]
[Black "Fioramonti, Hung"]
[Result "1-0"]
[WhiteElo "2445"]
[BlackElo "2335"]
[PlyCount "95"]
[EventDate "1990.09.??"]
[EventType "team-tourn"]
[EventRounds "7"]
[EventCountry "AUT"]
[Source "ChessBase"]
[SourceDate "1991.02.01"]

1. d4 Nc6 2. Nf3 d5 3. Bf4 Bg4 4. e3 e6 5. c4 Nf6 6. Nc3 Ne4 7. cxd5 exd5 8.
Bb5 Bb4 9. Bxc6+ bxc6 10. Qa4 Bxc3+ 11. bxc3 Bd7 12. Qa5 Nd6 13. O-O O-O 14.
Ne5 f6 15. Nxd7 Qxd7 16. Rfb1 Rf7 17. Qa6 Ne4 18. Rb7 Rc8 19. Rxa7 g5 20. Bg3
h5 21. f3 Nxg3 22. hxg3 Re8 23. Ra8 Rfe7 24. Re1 Qd6 25. Rxe8+ Rxe8 26. Qd3 Kg7
27. Kf2 Ra8 28. Re2 h4 29. gxh4 gxh4 30. Qf5 Qg3+ 31. Kf1 Rb8 32. Qg4+ Qxg4 33.
fxg4 Rb1+ 34. Re1 Rb2 35. Ra1 Rc2 36. a4 Rxc3 37. Kf2 Rb3 38. a5 Rb7 39. a6 Ra7
40. Kf3 Kf7 41. Kf4 Ke6 42. Ra5 Kd6 43. Kf5 Ke7 44. g5 fxg5 45. Kxg5 h3 46.
gxh3 Kf7 47. Kf5 Kg7 48. Ke6 1-0

[Event "Mitropa Cup 13th"]
[Site "Leibnitz"]
[Date "1990.??.??"]
[Round "5"]
[White "Pavlovic, Milos"]
[Black "Berend, Fred"]
[Result "1-0"]
[WhiteElo "2465"]
[BlackElo "2225"]
[PlyCount "67"]
[EventDate "1990.09.??"]
[EventType "team-tourn"]
[EventRounds "7"]
[EventCountry "AUT"]
[Source "ChessBase"]
[SourceDate "1991.02.01"]

1. e4 c5 2. Nf3 Nc6 3. c3 d6 4. d4 Nf6 5. d5 Nb8 6. Bd3 Bg4 7. h3 Bxf3 8. Qxf3
Nbd7 9. O-O a6 10. Qe2 Ne5 11. Bc2 Qc7 12. Nd2 g6 13. f4 Ned7 14. Nf3 Bg7 15.
e5 Nxd5 16. Rd1 dxe5 17. Rxd5 exf4 18. Qe4 Nf6 19. Qe5 Nxd5 20. Qxg7 O-O-O 21.
Qxf7 Rd7 22. c4 Nf6 23. Qe6 Kb8 24. Qe5 Qxe5 25. Nxe5 Rd4 26. b3 Rhd8 27. Nf3
Nh5 28. Ba3 Rd2 29. Nxd2 Rxd2 30. Bd1 Ng3 31. Bxc5 Nf5 32. Bb4 Rd4 33. Bf3 g5
34. Re1 1-0

[Event "Mitropa Cup 13th"]
[Site "Leibnitz"]
[Date "1990.??.??"]
[Round "5"]
[White "Reeh, Oliver"]
[Black "Landenbergue, Claude"]
[Result "1/2-1/2"]
[WhiteElo "2465"]
[BlackElo "2380"]
[PlyCount "136"]
[EventDate "1990.09.??"]
[EventType "team-tourn"]
[EventRounds "7"]
[EventCountry "AUT"]
[Source "ChessBase"]
[SourceDate "1991.02.01"]

1. d4 e6 2. c4 Nf6 3. Nf3 d5 4. Nc3 Bb4 5. Bg5 Nbd7 6. cxd5 exd5 7. e3 c5 8.
Bd3 Qa5 9. O-O c4 10. Bf5 O-O 11. Ne2 Ne4 12. Bf4 Ndf6 13. Bxc8 Raxc8 14. h3
Be7 15. Ne5 b5 16. f3 Nd6 17. a3 Qb6 18. g4 Rfd8 19. Bg3 a5 20. Nf4 Nb7 21. Qc2
g5 22. Ne2 Qe6 23. h4 Nd7 24. hxg5 Bxg5 25. f4 Nxe5 26. dxe5 Be7 27. f5 Qh6 28.
Bf4 Bg5 29. Rf2 f6 30. Rh2 Qg7 31. exf6 Qxf6 32. Rh5 Bxf4 33. Nxf4 Nc5 34. Qh2
Rd7 35. Rf1 Re8 36. Qh3 d4 37. exd4 Qxd4+ 38. Kh1 Ne4 39. Qg2 Qe3 40. Rh3 Qd2
41. Rh2 Qxf4 42. Rxf4 Rd1+ 43. Rf1 Rxf1+ 44. Qxf1 Ng3+ 45. Kg1 Nxf1 46. Kxf1
Re3 47. Rg2 h6 48. Kf2 Rb3 49. Ke1 c3 50. bxc3 Rxc3 51. Rb2 Rc5 52. Ke2 Kg7 53.
Kd3 Kf6 54. Rh2 Kg5 55. Rh5+ Kxg4 56. Rxh6 Rxf5 57. Kc3 Rf3+ 58. Kb2 a4 59. Rb6
Rb3+ 60. Ka2 Kf4 61. Rh6 Ke4 62. Rh4+ Kd5 63. Rh5+ Kc4 64. Rh4+ Kc5 65. Rh5+
Kb6 66. Rh6+ Ka5 67. Rg6 Rh3 68. Rf6 Rh2+ 1/2-1/2

[Event "Mitropa Cup 13th"]
[Site "Leibnitz"]
[Date "1990.??.??"]
[Round "5"]
[White "Weinzettl, Ernst"]
[Black "Lanzani, Mario"]
[Result "0-1"]
[WhiteElo "2295"]
[BlackElo "2345"]
[PlyCount "94"]
[EventDate "1990.09.??"]
[EventType "team-tourn"]
[EventRounds "7"]
[EventCountry "AUT"]
[Source "ChessBase"]
[SourceDate "1991.02.01"]

1. e4 c5 2. Nf3 Nc6 3. d3 e5 4. g3 Nf6 5. Bg2 d5 6. exd5 Nxd5 7. O-O Be7 8. Re1
f6 9. c3 Nc7 10. a4 Bf5 11. d4 cxd4 12. cxd4 Nxd4 13. Nxd4 Qxd4 14. Qxd4 exd4
15. Bxb7 Rb8 16. Bc6+ Kf7 17. Na3 Rhd8 18. Nb5 Rb6 19. Be4 Bxe4 20. Rxe4 Nxb5
21. axb5 Rd7 22. Ra4 Bc5 23. b4 Be7 24. Bd2 Rxb5 25. Re1 Bd8 26. Kf1 Bb6 27.
Ra3 Rc7 28. Ke2 Re5+ 29. Kd3 Rxe1 30. Bxe1 Ke6 31. Bd2 Kd5 32. Ra1 Kc6 33. Re1
Kb5 34. g4 Rd7 35. h4 Bd8 36. Re4 Be7 37. g5 Bxb4 38. gxf6 gxf6 39. Re6 Be7 40.
f4 a5 41. Re1 Bc5 42. h5 a4 43. Rb1+ Kc6 44. Ke4 a3 45. Kf5 a2 46. Ra1 Ra7 47.
Kxf6 Kd5 0-1